000 00964nam a2200289 i 4500
003 OSt
005 20220102123657.0
008 220102s2020 ii e 000 f tam d
020 _cRM137.20
_qpaperback
040 _aPPAK
_beng
_cPPAK
_erda
082 0 4 _223
_a894.8113
090 0 0 _a894.8113
_bMON
_dG
100 0 _6880-01
_aMōn̲iṣā
_eauthor.
242 _aPermulaan juga bagai pengakhiratan
_ymay
245 1 0 _6880-02
_aĀtiyē antamāy /
_bMōn̲iṣā
264 1 _aCen̲n̲ai, India :
_bĀr.Ār. Nilaiyam,
_c2020
300 _a560 pages ;
_c17 cm.
336 _2rdacontent
_atext
337 _2rdamedia
_aunmediated
338 _2rdacarrier
_avolume
650 1 0 _aTamil fiction
650 2 0 _aMan-woman relationships
_vFiction
650 2 0 _aMan-woman relationships.
880 0 _6100-01
_aமோனிஷா,
_eநூலாசிரியர்.
880 1 0 _6245-02
_aஆதியே அந்தமாய்
_eமோனிஷா
942 _2ddc
_cB
999 _c186760
_d186760